000 00629nam a22001933a 4500
005 20210223124608.0
008 010531m19931998mx r 000 0 spa d
020 _a9681640322
035 _aUPN01000116892
049 _aI
050 4 _aBF723 D3
_bH6.58
100 1 _aHolden, L. Dwight
245 1 3 _aEl mejor truco del abuelo /
_cL. Dwight Holden ; il. de Michael Chesworth ; tr. de Laureana López Ramírez.
260 _aMéxico :
_bFCE,
_c1993 (1998 impr.).
300 _a[46] p. :
_bil.
440 4 _aLos especiales de A la orilla del viento
650 4 _aNIÑOS Y MUERTE -
_vLITERATURA JUVENIL
_910006
905 _aInfantil
999 _c89534
_d89534